000 00559nam a22001577a 4500
999 _c508577
_d508577
005 20190402115841.0
008 180809b ||||| |||| 00| 0 eng d
040 _c
082 _aA45:U61 1980
100 _aIndia. Ministry of Finance
_9224
245 _aPublic enterprises survey 1980-81: annual report on the working of industrial and commercial undertakings of the central government
_bby Ministry of Finance
260 _aNew Delhi
_bGovernment of India
_c1981
300 _a558p.
500 _aLibrary has 1975-76, 1980-81, 1989-90
942 _2ddc
_cGG